<?xml version="1.0" encoding="UTF-8"?>
<marc:record xmlns:marc="http://www.loc.gov/MARC21/slim">
   <marc:leader>00000nam a2200000 a 4500</marc:leader>
   <marc:datafield ind1="0" ind2="0" tag="245">
      <marc:subfield code="a">Perfect Sisters</marc:subfield>
   </marc:datafield>
   <marc:datafield ind1="0" ind2="0" tag="245">
      <marc:subfield code="b">Nach dem wahren Fall der " Bathtub Murder Girls"</marc:subfield>
   </marc:datafield>
   <marc:datafield ind1=" " ind2="1" tag="264">
      <marc:subfield code="b">Falcom Media AG</marc:subfield>
      <marc:subfield code="c">2015</marc:subfield>
   </marc:datafield>
   <marc:datafield ind1="1" ind2=" " tag="520">
      <marc:subfield code="a">Die Schwestern Sandra und Beth sind unzertrennlich. Mitten in der Pubertät zeigen sie ihr unterschiedliches Temperament: Extrovertiert und immer im Mittelpunkt der Jungs die eine, die andere introvertiert und mit dem Kopf lieber in einem Buch. Ihre Mutter Linda hat immer stärker mit der Alkoholsucht zu kämpfen und lacht sich einen gewalttätigen Liebhaber an. Nachdem alle ihre Hilferufe ungehört bleiben, haben die Schwestern es satt und fassen einen Entschluss: Mit Hilfe ihrer engsten Freunde hecken sie einen Plan aus, um ihre Mutter zu ermorden und es wie einen Unfall aussehen zu lassen. Nach einem wahren Kriminalfall !</marc:subfield>
   </marc:datafield>
   <marc:datafield ind1=" " ind2=" " tag="020">
      <marc:subfield code="a">4042564157154</marc:subfield>
      <marc:subfield code="9">4042564157154</marc:subfield>
   </marc:datafield>
   <marc:datafield ind1=" " ind2=" " tag="500">
      <marc:subfield code="a">ab 16 Jahren</marc:subfield>
   </marc:datafield>
   <marc:datafield ind1="0" ind2=" " tag="490">
      <marc:subfield code="v">0</marc:subfield>
   </marc:datafield>
   <marc:datafield ind1=" " ind2=" " tag="300">
      <marc:subfield code="a">Ca. 100 Min.</marc:subfield>
   </marc:datafield>
</marc:record>
